A Laboratory Manual of Veterinary Microbiology/ (Record no. 53845)
[ view plain ]
| 000 -LEADER | |
|---|---|
| fixed length control field | 00806nam a2200241 4500 |
| 001 - CONTROL NUMBER | |
| control field | 53845 |
| 003 - CONTROL NUMBER IDENTIFIER | |
| rucl marc code | BD-RjUL |
| 005 - DATE AND TIME OF LATEST TRANSACTION | |
| control field | 20211209080029.0 |
| 008 - FIXED-LENGTH DATA ELEMENTS--GENERAL INFORMATION | |
| fixed length control field | 161027r19952006ii ||||| |||| 00| 0 eng d |
| 020 ## - INTERNATIONAL STANDARD BOOK NUMBER | |
| International Standard Book Number | 8123904134 |
| 035 ## - SYSTEM CONTROL NUMBER | |
| System control number | (BD-RjUL)53967 |
| 040 ## - CATALOGING SOURCE | |
| Original cataloging agency | BD-RjUL |
| Language of cataloging | eng |
| Transcribing agency | BD-RjUL |
| 041 ## - LANGUAGE CODE | |
| Language code of text/sound track or separate title | eng |
| 082 ## - DEWEY DECIMAL CLASSIFICATION NUMBER | |
| Edition number | 23 |
| Classification number | 636.089601 |
| Author mark and year | MAL 1996 |
| 100 ## - MAIN ENTRY--PERSONAL NAME | |
| Personal name | Malik. , B.S. . |
| 9 (RLIN) | 160832 |
| 245 01 - TITLE STATEMENT | |
| Title | A Laboratory Manual of Veterinary Microbiology/ |
| Statement of responsibility, etc. | B.S. Malik. |
| 250 ## - EDITION STATEMENT | |
| Edition statement | 4th ed. |
| 260 ## - PUBLICATION, DISTRIBUTION, ETC. (IMPRINT) | |
| Place of publication, distribution, etc. | New Delhi : |
| Name of publisher, distributor, etc. | CBS , |
| Date of publication, distribution, etc. | 1996. |
| 300 ## - PHYSICAL DESCRIPTION | |
| Pagination | [Parts-i-iv] vi, 115p.: |
| Illustrations | ill.; |
| Size | 24cm. |
| 504 ## - BIBLIOGRAPHY, ETC. NOTE | |
| Bibliography, etc | Contents:pt. 1. General bacteriology.-pt. 2. Immunology & serology.-pt. 3. Pathogenic bacteriology & mycology.-pt. 4Virology. |
| 650 ## - SUBJECT ADDED ENTRY--TOPICAL TERM | |
| Topical term or geographic name as entry element | Laboratory manual of veterinary microbiology. |
| 9 (RLIN) | 160833 |
| 942 ## - ADDED ENTRY ELEMENTS (KOHA) | |
| Source of classification or shelving scheme | Dewey Decimal Classification |
| Koha item type | Books |
| Lost status | Source of classification or shelving scheme | Damaged status | Not for loan | Permanent Location | Current Location | Shelving location | Date acquired | Source of acquisition | Cost, normal purchase price | Total Checkouts | Full call number | Date last seen | Copy number | Koha item type |
|---|---|---|---|---|---|---|---|---|---|---|---|---|---|---|
| Dewey Decimal Classification | Not For Loan | Institute of Biological Sciences (IBSc) Library | Institute of Biological Sciences (IBSc) Library | Institute Library | 25/11/2008 | Purchase | 270.00 | 636.089601 MAL 1996 | 27/10/2016 | C-1 | Books | |||
| Dewey Decimal Classification | Not For Loan | Institute of Biological Sciences (IBSc) Library | Institute of Biological Sciences (IBSc) Library | Institute Library | 25/11/2008 | Purchase | 143.00 | 636.089601 MAL 1996 | 27/10/2016 | C-2 | Books | |||
| Dewey Decimal Classification | Not For Loan | Institute of Biological Sciences (IBSc) Library | Institute of Biological Sciences (IBSc) Library | Institute Library | 25/11/2008 | Purchase | 371.00 | 636.089601 MAL 1996 | 27/10/2016 | C-3 | Books | |||
| Dewey Decimal Classification | Not For Loan | Institute of Biological Sciences (IBSc) Library | Institute of Biological Sciences (IBSc) Library | Institute Library | 25/11/2008 | Purchase | 143.00 | 636.089601 MAL 1996 | 27/10/2016 | C-4 | Books |